| 000 | 01037nam a2200229Ia 4500 | ||
|---|---|---|---|
| 001 | 271.771-ALB gi pe (4319) | ||
| 003 | IT-MiSPE | ||
| 008 | 171229s9999||||xx |||||||||||||| ||und|| | ||
| 040 |
_aIT-MiSPE _cIT-MiSPE |
||
| 041 | _aITALIANO | ||
| 100 | _aGiacomo Alberione | ||
| 245 | 0 |
_aPensieri _bFrammenti di spiritualità apostolica dai suoi scritti |
|
| 250 | _a4a ed. | ||
| 260 |
_aCinisello B.mo _bEd. Paoline _c1987 |
||
| 300 |
_a139 p. _c20 cm |
||
| 490 |
_aSpiritualità /Meastri: I _v9 |
||
| 501 | _aEdizioni San Paolo srl - Piazza Soncino, 5 - 20092 CINISELLO BALSAMO (MI) (non commercial uses only) ® Copyright 2018 | ||
| 700 | _aGiovanni Roatta | ||
| 942 | _cBK | ||
| 957 | _71 | ||
| 999 |
_a15635 _bNO _g Copie: 1 _c347888 _d347888 |
||